<?xml version="1.0" encoding="UTF-8"?>
<record
    xmlns:xsi="http://www.w3.org/2001/XMLSchema-instance"
    xsi:schemaLocation="http://www.loc.gov/MARC21/slim http://www.loc.gov/standards/marcxml/schema/MARC21slim.xsd"
    xmlns="http://www.loc.gov/MARC21/slim">

  <leader>00952nas a22003014a 4500</leader>
  <controlfield tag="001">ESSALUD</controlfield>
  <controlfield tag="005">20260702111725.0</controlfield>
  <controlfield tag="008">      m20092018pe qr   r     0   0 spa d</controlfield>
  <datafield tag="022" ind1=" " ind2=" ">
    <subfield code="a">3119-768X</subfield>
  </datafield>
  <datafield tag="040" ind1=" " ind2=" ">
    <subfield code="a">ESSALUD</subfield>
  </datafield>
  <datafield tag="041" ind1=" " ind2=" ">
    <subfield code="a">spa</subfield>
  </datafield>
  <datafield tag="082" ind1=" " ind2=" ">
    <subfield code="a">PRALAB</subfield>
  </datafield>
  <datafield tag="245" ind1=" " ind2=" ">
    <subfield code="a">Praxis Laboral &amp; Procesal Laboral</subfield>
  </datafield>
  <datafield tag="260" ind1=" " ind2=" ">
    <subfield code="a">Lima</subfield>
    <subfield code="b">Grupo Praxis Formaci&#xF3;n Profesional, 2026-</subfield>
  </datafield>
  <datafield tag="362" ind1=" " ind2=" ">
    <subfield code="a">Bimestral</subfield>
  </datafield>
  <datafield tag="500" ind1=" " ind2=" ">
    <subfield code="a">Descripci&#xF3;n basada en: N&#xB0; 1, A&#xF1;o 1 (enero 2026)
</subfield>
  </datafield>
  <datafield tag="650" ind1=" " ind2=" ">
    <subfield code="a"> DERECHO / AN&#xC1;LISIS, INTERPRETACI&#xD3;N</subfield>
    <subfield code="9">37736</subfield>
  </datafield>
  <datafield tag="650" ind1=" " ind2=" ">
    <subfield code="a">DERECHOS LABORALES</subfield>
    <subfield code="9">2903</subfield>
  </datafield>
  <datafield tag="650" ind1=" " ind2=" ">
    <subfield code="a">DERECHO PROCESAL LABORAL</subfield>
    <subfield code="9">53112</subfield>
  </datafield>
  <datafield tag="650" ind1=" " ind2=" ">
    <subfield code="a">SEGURIDAD SOCIAL</subfield>
    <subfield code="9">2070</subfield>
  </datafield>
  <datafield tag="650" ind1=" " ind2=" ">
    <subfield code="a">INVESTIGACI&#xD3;N</subfield>
    <subfield code="9">164</subfield>
  </datafield>
  <datafield tag="650" ind1=" " ind2=" ">
    <subfield code="a">PUBLICACIONES PERI&#xD3;DICAS</subfield>
    <subfield code="9">1041</subfield>
  </datafield>
  <datafield tag="650" ind1=" " ind2=" ">
    <subfield code="a">PER&#xDA;</subfield>
    <subfield code="9">13</subfield>
  </datafield>
  <datafield tag="700" ind1=" " ind2=" ">
    <subfield code="a">Tarazona Pinedo, Manolo</subfield>
    <subfield code="e">dir.</subfield>
    <subfield code="9">53113</subfield>
  </datafield>
  <datafield tag="700" ind1=" " ind2=" ">
    <subfield code="a">Toyama Miyagusuku, Jorge</subfield>
    <subfield code="e">dir.</subfield>
    <subfield code="9">21424</subfield>
  </datafield>
  <datafield tag="700" ind1=" " ind2=" ">
    <subfield code="a">Vinatea Recoba, Luis</subfield>
    <subfield code="e">dir.</subfield>
    <subfield code="9">46867</subfield>
  </datafield>
  <datafield tag="942" ind1=" " ind2=" ">
    <subfield code="c">PP</subfield>
    <subfield code="e">2026-06-30</subfield>
    <subfield code="z">sqb</subfield>
  </datafield>
  <datafield tag="999" ind1=" " ind2=" ">
    <subfield code="c">22614</subfield>
    <subfield code="d">22614</subfield>
  </datafield>
  <datafield tag="952" ind1=" " ind2=" ">
    <subfield code="2">ddc</subfield>
    <subfield code="8">CSS</subfield>
    <subfield code="a">BC</subfield>
    <subfield code="b">BC</subfield>
    <subfield code="d">2026-07-02</subfield>
    <subfield code="h">A&#xF1;o 1, N&#xB0; 1 (Enero 2026)</subfield>
    <subfield code="l">0</subfield>
    <subfield code="o">PRALAB</subfield>
    <subfield code="p">PRALAB001</subfield>
    <subfield code="r">2026-07-02</subfield>
    <subfield code="w">2026-07-02</subfield>
    <subfield code="y">PP</subfield>
  </datafield>
  <datafield tag="952" ind1=" " ind2=" ">
    <subfield code="2">ddc</subfield>
    <subfield code="8">CG</subfield>
    <subfield code="a">BC</subfield>
    <subfield code="b">BC</subfield>
    <subfield code="d">2026-07-02</subfield>
    <subfield code="h">A&#xF1;o 1, N&#xB0; 2 (Marzo 2026)</subfield>
    <subfield code="l">0</subfield>
    <subfield code="o">PRALAB</subfield>
    <subfield code="p">PRALAB002</subfield>
    <subfield code="r">2026-07-02</subfield>
    <subfield code="w">2026-07-02</subfield>
    <subfield code="y">PP</subfield>
  </datafield>
</record>
